000
00340 a2200133 4500
000
nam a22 7a 4500
100
_a
Raj Kamal
110
_a
Raj Kamal
245
_a
Internet of things: Architecture and design principles
250
_a
2nd/Latest edition
260
_b
McGraw Hill
_c
2025
264
_b
McGraw Hill
_c
2025
942
_c
BK
999
_c
397220
_d
397220